| 000 | 02033cam a2200313 i 4500 | ||
|---|---|---|---|
| 001 | 19380191 | ||
| 003 | OSt | ||
| 005 | 20210104113033.0 | ||
| 008 | 161113t20162016ve a b 000 0 spa d | ||
| 020 | _a9789806125827 | ||
| 040 |
_aSTF _cCO-JMCR |
||
| 041 | 0 | _aspa | |
| 082 | 0 | 4 |
_a307.76098 / _bN322a _223 |
| 100 | 1 |
_aNavarro Arredondo, Alejandro, _eautor _912598 |
|
| 245 | 1 | 0 |
_aAspectos estratégicos de la gestión pública para el crecimiento sostenible de las ciudades / _cAlejandro Navarro Arredondo, Claudia Cecilia González Torres, Luis Ainstein, Gisela Signorelli. |
| 260 |
_aCaracas, Venezuela : _bCLAD, Centro Latinoamericano de Administración para el Desarrollo, _c©2016 |
||
| 300 |
_a230 páginas : _bilustraciones, gráficas a blanco y negro ; _c23 cm. |
||
| 490 | 0 |
_aSerie Documentos debate del CLAD ; _v21 |
|
| 504 | _aIncludes bibliographical references. | ||
| 505 | 0 |
_tExperiencias locales exitosas para el crecimiento sostenible de las ciudades / _r Alejandro Navarro Arredondo -- _tEl dilema estratégico de las ciudades sostenibles : ¿crecer o mejorar? Algunas consideraciones y propuestas basadas en el caso chileno / _rClaudia Cecilia González Torres -- _tGestión regional/urbana apropiada en el nuevo siglo : el caso de las grandes aglomeraciones difusas / _rLuis Ainstein -- _tEfectos redistributivos materiales y simbólicos de la participación ciudadana : las experiencias de Montevideo, Rosario y Porto Alegre (2002-2012) / _rGisela Signorelli -- _tEl AMBA de Argentina : estrategias rumbo al crecimiento sostenible de sus ciudades / _rLuciano Machuca. _a |
|
| 586 | _aWinners of the 28th Concurso de Monografías del CLAD (2015). | ||
| 650 | 2 | 4 |
_aUrbanización _zLatino América. _912599 |
| 650 | 2 | 4 |
_aDesarrollo sostenible _zLatino América _912600 |
| 650 | 0 |
_aGobierno municipal _zLatino América. _912601 |
|
| 700 | 1 |
_aGonzáles Torres, Claudia Cecilia, _eautora _912602 |
|
| 700 | 1 |
_aAinstein, Luis, _eautor _912603 |
|
| 700 | 1 |
_aSignorelli, Gisela, _eautora _912604 |
|
| 942 |
_2ddc _cBK |
||
| 999 |
_c7042 _d7042 |
||